Understanding empiricism (Record no. 4469)
[ view plain ]
| 000 -LEADER | |
|---|---|
| fixed length control field | 00561nam a2200229Ia 4500 |
| 003 - CONTROL NUMBER IDENTIFIER | |
| control field | 0100 |
| 008 - FIXED-LENGTH DATA ELEMENTS--GENERAL INFORMATION | |
| fixed length control field | 130227s9999 xx 000 0 und d |
| 020 ## - INTERNATIONAL STANDARD BOOK NUMBER | |
| International Standard Book Number | 1844650596 |
| 040 ## - CATALOGING SOURCE | |
| Transcribing agency | ARRUPELIB |
| 050 ## - LIBRARY OF CONGRESS CALL NUMBER | |
| Classification number | B816.M613 2006 |
| 100 ## - MAIN ENTRY--PERSONAL NAME | |
| Personal name | Meyers, Robert G. |
| 9 (RLIN) | 33760 |
| 245 ## - TITLE STATEMENT | |
| Title | Understanding empiricism |
| 260 ## - PUBLICATION, DISTRIBUTION, ETC. (IMPRINT) | |
| Name of publisher, distributor, etc | Acumen |
| Place of publication, distribution, etc | Chesham, UK |
| Date of publication, distribution, etc | 2006 |
| 300 ## - PHYSICAL DESCRIPTION | |
| Extent | viii |
| 300 ## - PHYSICAL DESCRIPTION | |
| Other physical details | 183p 22cm |
| 440 ## - SERIES STATEMENT/ADDED ENTRY--TITLE | |
| Title | Understanding movements in modern thought |
| 9 (RLIN) | 5557 |
| 650 ## - SUBJECT ADDED ENTRY--TOPICAL TERM | |
| Topical term or geographic name as entry element | Empiricism |
| 9 (RLIN) | 2894 |
| 942 ## - ADDED ENTRY ELEMENTS (KOHA) | |
| Source of classification or shelving scheme | Library of Congress Classification |
| Koha issues (borrowed), all copies | 3 |
| Item type | Monograph ( Printed materials) |
| Withdrawn status | Lost status | Source of classification or shelving scheme | Damaged status | Not for loan | Collection code | Home library | Current library | Shelving location | Date acquired | Total Checkouts | Full call number | Barcode | Date last seen | Date last borrowed | Copy number | Price effective from | Koha item type |
|---|---|---|---|---|---|---|---|---|---|---|---|---|---|---|---|---|---|
| Library of Congress Classification | Main Collection | ARRUPE LIBRARY | ARRUPE LIBRARY | 27/02/2013 | 4 | B816.M613 2006 | 46405852 | 27/04/2022 | 13/04/2022 | 1 | 27/02/2013 | Monograph ( Printed materials) | |||||
| Library of Congress Classification | Main Collection | ARRUPE LIBRARY | ARRUPE LIBRARY | 27/02/2013 | 7 | B816.M613 2006 | 46406080 | 22/05/2025 | 21/01/2025 | 2 | 27/02/2013 | Monograph ( Printed materials) |